Country Quiz: Sudan 🇸🇩 - Statistics

General Stats
  • This quiz has been taken 30 times
  • The average score is 22 of 29
Answer Stats
Hint Answer % Correct
Time zones 1 (UTC+3)
100%
Language Arabic
100%
Between 1899-1956, these two countries ruled Sudan until its independence Egypt
100%
Egypt
100%
Main Religion Islam
100%
Nationality Sudanese
100%
United Kingdom
100%
Chad
95%
Ethiopia
95%
Capital Khartoum
95%
South Sudan
95%
Eritrea
90%
Main River Nile
90%
Bordering Seas Red sea
90%
English
86%
Libya
86%
Sudan has had two major _____ wars (1955-72 and 1983-05) Civil
81%
National Sport Football
81%
Despite Egypt being famous for them, Sudan is the actually the country with the most ________ Pyramids
81%
Bordering Countries Central African Republic
76%
Independence 1956
71%
Climate Dry / Arid
57%
State-Condition Republic (presidential / federal
57%
Second-Largest City Omdurman
52%
Currency Pound
52%
Most Famous Leader (1989-2019) Omar al-Bashir
48%
Main Economic Sector Primary / Agriculture
48%
National Animal Secretary Bird
10%
National Dish Ful medames
5%
No matching quizzes found
Score Distribution
Percent of People with Each Score
Percentile by Number Answered
Your Score History
You have not taken this quiz